| 000 | 00488nam a2200169Ia 4500 | ||
|---|---|---|---|
| 008 | 140626s9999 xx 000 0 und d | ||
| 100 | _aYu, Tieying. | ||
| 245 | 2 |
_aA comprehensive review of multimarket competition research / _cTieying Yu ... [et al.]. |
|
| 260 | _cc2013. | ||
| 300 | _a39 : 1, page 76 | ||
| 440 | _aJournal of Management | ||
| 521 | _aBSBA | ||
| 650 | _aCompetitive dynamics. | ||
| 650 | _aCompetitor analysis. | ||
| 650 | _aIndustrial economics. | ||
| 942 | _cSE | ||
| 999 |
_c121005 _d121005 |
||